[Event "DEM U12w 2016"]
[Site "Willingen GER"]
[Date "2016.05.16"]
[Round "4"]
[White "Basovskiy, Jana"]
[Black "Kunisch, Nina"]
[Result "1/2-1/2"]
[Termination "normal"]
[Board "1"]
[WhiteElo "1365"]
[BlackElo "1480"]
[WhiteClock "00:08:08"]
[BlackClock "00:15:37"]
[PlyCount "133"]
[WhiteFideId "16208617"]
[BlackFideId "12982849"]
[EventCountry "GER"]
[EventRounds "11"]
[EventType "swiss"]
[EventDate "2016.05.14"]

1. e4 d5 2. exd5 Qxd5 3. Nc3 Qd6 4. Bc4 Nf6 5. Nf3 Bg4 6. d3 e6 7. O-O Be7 8.
Nb5 Qd8 9. Bf4 Bd6 10. Nxd6+ cxd6 11. d4 O-O 12. c3 Nc6 13. Re1 h6 14. Qd3 d5
15. Bb3 Bf5 16. Qe2 a6 17. Rad1 Bg4 18. Bc2 Nh5 19. Bc1 Qf6 20. Qd3 Bf5 21. Qe2
Bxc2 22. Qxc2 Nf4 23. Ne5 Nxe5 24. Rxe5 Ng6 25. Re3 Rfe8 26. Rf3 Qe7 27. Re1
Qc7 28. Qb3 e5 29. dxe5 Rxe5 30. Rxe5 Nxe5 31. Rg3 Re8 32. h3 Nd3 33. Be3 Qc6
34. Bd4 Re1+ 35. Kh2 Ne5 36. Be3 Ng6 37. Qc2 Qb5 38. Bd2 Re2 39. Rf3 Ne5 40.
Re3 Rxe3 41. Bxe3 Nc4 42. Bc1 Ne5 43. Be3 Qc4 44. b3 Qc7 45. Kg1 Ng6 46. Bd4
Qe7 47. Qd2 Qe4 48. f3 Qe6 49. Qe3 Ne7 50. Qe5 Qxe5 51. Bxe5 Nc6 52. Bd6 f5 53.
Kf2 Kf7 54. Ke3 g5 55. f4 b5 56. Kf3 a5 57. g4 Ke6 58. Bf8 fxg4+ 59. hxg4 gxf4
60. Kxf4 b4 61. cxb4 Nxb4 62. Bxh6 Nxa2 63. Bf8 Nc3 64. Ke3 Nb5 65. Bg7 Kd6 66.
g5 Ke6 67. Bf6 1/2-1/2

[Event "DEM U12w 2016"]
[Site "Willingen GER"]
[Date "2016.05.16"]
[Round "4"]
[White "Ziegenfuß, Antonia"]
[Black "Bardorz, Jana"]
[Result "1-0"]
[Termination "normal"]
[Board "2"]
[WhiteElo "1560"]
[BlackElo "1485"]
[WhiteClock "00:17:51"]
[BlackClock "00:17:55"]
[PlyCount "117"]
[WhiteFideId "12962554"]
[BlackFideId "16208897"]
[EventCountry "GER"]
[EventRounds "11"]
[EventType "swiss"]
[EventDate "2016.05.14"]

1. e4 e5 2. Nf3 Nc6 3. Bc4 Nf6 4. Ng5 d5 5. exd5 Na5 6. Bb5+ c6 7. dxc6 bxc6 8.
Qf3 Bd7 9. Bd3 h6 10. Ne4 Nxe4 11. Bxe4 Bd6 12. O-O O-O 13. Bf5 Re8 14. Nc3 Be6
15. d3 Qf6 16. Ne4 Qe7 17. Bd2 Nb7 18. Rfe1 Bd5 19. Qg4 Bxe4 20. Bxe4 Qf6 21.
Bxc6 Bc5 22. Qf3 Qxf3 23. Bxf3 Rab8 24. Be3 Bxe3 25. Rxe3 Nd6 26. b3 Rbc8 27.
c4 Nf5 28. Re4 Rcd8 29. Rae1 f6 30. Bg4 Nd4 31. Bh5 Re6 32. f4 Nc2 33. R1e2 Nd4
34. Rf2 Nc6 35. Rd2 f5 36. Ree2 g6 37. Bf3 Nd4 38. Bd5 Nxe2+ 39. Rxe2 Rxd5 40.
cxd5 Rd6 41. Rxe5 Kf7 42. Kf2 Kf6 43. Re6+ Rxe6 44. dxe6 Kxe6 45. Ke3 Kd5 46.
b4 a6 47. a4 Kc6 48. Kd4 Kb6 49. Ke5 Kc6 50. d4 Kb6 51. Kd6 g5 52. g3 gxf4 53.
gxf4 h5 54. h4 Kb7 55. Kc5 Kc7 56. b5 axb5 57. axb5 Kb7 58. d5 Kc7 59. b6+ 1-0

[Event "DEM U12w 2016"]
[Site "Willingen GER"]
[Date "2016.05.16"]
[Round "4"]
[White "Schnabel, Luise"]
[Black "Sinnhöfer, Lilian"]
[Result "1-0"]
[Termination "normal"]
[Board "4"]
[WhiteElo "1621"]
[BlackElo "1283"]
[WhiteClock "00:01:56"]
[BlackClock "00:22:36"]
[PlyCount "137"]
[WhiteFideId "12943347"]
[BlackFideId "12977586"]
[EventCountry "GER"]
[EventRounds "11"]
[EventType "swiss"]
[EventDate "2016.05.14"]

1. e4 d5 2. exd5 Qxd5 3. Nc3 Qa5 4. d4 Nf6 5. Bd2 Qb6 6. Nf3 Bg4 7. Be2 Nc6 8.
d5 Nb4 9. Na4 Qd6 10. c4 e6 11. a3 Na6 12. Bc3 exd5 13. Bxf6 Qxf6 14. Qxd5 c6
15. Qe4+ Qe6 16. Qxe6+ Bxe6 17. Rd1 Rd8 18. Rxd8+ Kxd8 19. O-O Be7 20. Rd1+ Kc7
21. Nd4 Bd7 22. b4 Re8 23. c5 Bf6 24. Bxa6 bxa6 25. f3 Bc8 26. Nc3 Re3 27. Ne4
Bxd4 28. Rxd4 Rxa3 29. Nd6 Be6 30. Ne8+ Kc8 31. Nxg7 Bd7 32. Nh5 a5 33. Nf6 Bf5
34. Ne4 Bxe4 35. Rxe4 axb4 36. Rxb4 a5 37. Rf4 a4 38. Rxf7 Rc3 39. Rxh7 Rxc5
40. Ra7 Rc4 41. g4 Kb8 42. Ra5 Rc3 43. Kg2 a3 44. Kg3 Kc7 45. g5 Kd7 46. h4 Ke7
47. h5 Rd3 48. h6 Rd8 49. Rxa3 Kf7 50. Ra7+ Kg8 51. Rc7 Rd5 52. Kg4 c5 53. g6
Rd8 54. Rxc5 Rf8 55. Rc7 Re8 56. f4 Kh8 57. Kg5 Kg8 58. f5 Rd8 59. f6 Kh8 60.
Rh7+ Kg8 61. f7+ Kf8 62. Rh8+ Ke7 63. Rxd8 Kxd8 64. f8=Q+ Kd7 65. Qf6 Kc7 66.
g7 Kd7 67. g8=R Kc7 68. Rg7+ Kc8 69. Qf8# 1-0

[Event "DEM U12w 2016"]
[Site "Willingen GER"]
[Date "2016.05.16"]
[Round "4"]
[White "Meijerink, Inken"]
[Black "Ortlepp, Klaudia"]
[Result "1/2-1/2"]
[Termination "normal"]
[Board "5"]
[WhiteElo "1306"]
[BlackElo "1407"]
[PlyCount "66"]
[WhiteFideId "16225465"]
[BlackFideId "16206045"]
[EventCountry "GER"]
[EventRounds "11"]
[EventType "swiss"]
[EventDate "2016.05.14"]

1. e4 e5 2. Nf3 Nc6 3. Bc4 Bc5 4. Nc3 Nf6 5. O-O O-O 6. d3 h6 7. Be3 Bb6 8. h3
d6 9. Ne2 Be6 10. Bb3 Qd7 11. Bxb6 axb6 12. Ng3 Bxb3 13. cxb3 d5 14. d4 Nxe4
15. Nxe5 Nxe5 16. dxe5 Nxg3 17. fxg3 Qe6 18. Re1 c5 19. Qf3 Rfd8 20. a3 Rd7 21.
g4 Rad8 22. Qf5 d4 23. Rac1 Qxb3 24. e6 fxe6 25. Rxe6 Rf7 26. Qg6 Rdf8 27. Rce1
Rf6 28. Rxf6 Rxf6 29. Re8+ Rf8 30. Re7 Rf7 31. Re8+ Rf8 32. Re7 Rf7 33. Re8+
Rf8 1/2-1/2

[Event "DEM U12w 2016"]
[Site "Willingen GER"]
[Date "2016.05.16"]
[Round "4"]
[White "Otterpohl, Isabel"]
[Black "Reichelt, Lena"]
[Result "1-0"]
[Termination "normal"]
[Board "6"]
[WhiteElo "1699"]
[BlackElo "1261"]
[PlyCount "93"]
[WhiteFideId "12999180"]
[BlackFideId "12981184"]
[EventCountry "GER"]
[EventRounds "11"]
[EventType "swiss"]
[EventDate "2016.05.14"]

1. e4 e6 2. d4 d5 3. exd5 exd5 4. Nf3 Nf6 5. c4 c6 6. Nc3 Bb4 7. Bd3 O-O 8. O-O
Bg4 9. Bg5 Nbd7 10. cxd5 cxd5 11. Nxd5 Be7 12. Nxe7+ Qxe7 13. Re1 Qd6 14. Be2
Rfe8 15. Rc1 Re4 16. Be3 Re7 17. Qb3 Nb6 18. Ne5 Bxe2 19. Rxe2 Rae8 20. Ree1
Qd5 21. Qa3 a6 22. Rc5 Qe6 23. h3 Nbd7 24. Nxd7 Qxd7 25. Qd3 Nd5 26. Rcc1 Nxe3
27. Rxe3 Rxe3 28. fxe3 Qe6 29. Rc7 b5 30. a3 g6 31. Rc3 Qd5 32. Rc5 Qe6 33. Re5
Qd7 34. Rxe8+ Qxe8 35. Kf2 Kg7 36. d5 Qd7 37. e4 Kf6 38. Qd4+ Ke7 39. e5 Qf5+
40. Kg1 Qd7 41. Qc5+ Ke8 42. g4 Qe7 43. Qc8+ Qd8 44. Qxd8+ Kxd8 45. b4 Ke7 46.
Kf2 f6 47. e6 1-0

[Event "DEM U12w 2016"]
[Site "Willingen GER"]
[Date "2016.05.16"]
[Round "4"]
[White "Schneider, Katharina"]
[Black "Diederich, Greta"]
[Result "1-0"]
[Termination "normal"]
[Board "7"]
[WhiteElo "1565"]
[BlackElo "1215"]
[PlyCount "53"]
[WhiteFideId "16200519"]
[BlackFideId "12988618"]
[EventCountry "GER"]
[EventRounds "11"]
[EventType "swiss"]
[EventDate "2016.05.14"]

1. e4 c5 2. Nf3 Nc6 3. d4 cxd4 4. Nxd4 g6 5. Nc3 Bg7 6. Be3 Nf6 7. f3 O-O 8.
Qd2 d5 9. exd5 Nxd5 10. Nxd5 Qxd5 11. c4 Qd8 12. O-O-O Nxd4 13. Bxd4 Be6 14.
Bxg7 Kxg7 15. Qc3+ Kg8 16. Rxd8 Rfxd8 17. Be2 Rac8 18. Rd1 Rxd1+ 19. Kxd1 b5
20. b3 bxc4 21. Bxc4 Bxc4 22. bxc4 Rd8+ 23. Ke2 f5 24. c5 Kf7 25. c6 Ke6 26. c7
Rc8 27. Qc6+ 1-0

[Event "DEM U12w 2016"]
[Site "Willingen GER"]
[Date "2016.05.16"]
[Round "4"]
[White "Bayer, Melissa"]
[Black "Peglau, Mirjam"]
[Result "0-1"]
[Termination "normal"]
[Board "8"]
[WhiteElo "1484"]
[BlackElo "1314"]
[PlyCount "118"]
[WhiteFideId "16206916"]
[BlackFideId "16211138"]
[EventCountry "GER"]
[EventRounds "11"]
[EventType "swiss"]
[EventDate "2016.05.14"]

1. e4 e6 2. d4 d5 3. exd5 exd5 4. Nf3 Bd6 5. Bd3 Nc6 6. c3 Nge7 7. O-O O-O 8.
Qc2 Ng6 9. Be3 Bg4 10. Nbd2 Qd7 11. h3 Be6 12. Ng5 Nce7 13. f4 Bf5 14. Bxf5
Nxf5 15. Qd3 Rfe8 16. Rae1 Nxe3 17. Rxe3 Bxf4 18. Rxe8+ Rxe8 19. Ngf3 Re3 20.
Qc2 Re2 21. Qd1 Qe7 22. Kh1 Bxd2 23. Ne5 Re4 24. Nxg6 hxg6 25. Qxd2 Re2 26. Qc1
Qe3 27. Qxe3 Rxe3 28. Rf2 Kf8 29. Kh2 Ke7 30. g4 Ke6 31. Kg2 c6 32. Rf3 Re2+
33. Rf2 Rxf2+ 34. Kxf2 g5 35. Ke3 f5 36. Kf3 g6 37. Ke3 f4+ 38. Kf3 b6 39. b3
c5 40. a4 a5 41. Ke2 Kd6 42. Kd3 Kc6 43. Kd2 b5 44. axb5+ Kxb5 45. dxc5 Kxc5
46. Kd3 Kb5 47. Kd4 a4 48. bxa4+ Kxa4 49. Kxd5 f3 50. Ke5 f2 51. Kf6 f1=Q+ 52.
Kxg6 Qf4 53. Kh5 Kb3 54. h4 gxh4 55. Kxh4 Kxc3 56. Kh5 Kd4 57. g5 Ke5 58. g6
Kf5 59. g7 Qg5# 0-1

[Event "DEM U12w 2016"]
[Site "Willingen GER"]
[Date "2016.05.16"]
[Round "4"]
[White "Glinzner, Alva"]
[Black "Limbach, Anna-Lena"]
[Result "1-0"]
[Termination "normal"]
[Board "9"]
[WhiteElo "1518"]
[BlackElo "1365"]
[PlyCount "135"]
[WhiteFideId "16206169"]
[BlackFideId "12980412"]
[EventCountry "GER"]
[EventRounds "11"]
[EventType "swiss"]
[EventDate "2016.05.14"]

1. e4 e6 2. d4 d5 3. Nd2 c5 4. exd5 Qxd5 5. dxc5 Bxc5 6. Ngf3 Ne7 7. Bc4 Qd8 8.
O-O Nbc6 9. Ne4 Qb6 10. c3 O-O 11. Qe2 Nf5 12. Bf4 h6 13. g4 Nfe7 14. b4 Ng6
15. bxc5 Nxf4 16. cxb6 Nxe2+ 17. Bxe2 axb6 18. a4 e5 19. h3 f5 20. gxf5 Bxf5
21. Nd6 Bxh3 22. Rfe1 Bg4 23. Bc4+ Kh8 24. Nxe5 Nxe5 25. Rxe5 Rf6 26. Nf7+ Kh7
27. Rae1 Rg6 28. Kh2 Rf6 29. Re8 Rxa4 30. Kg3 Rxc4 31. Rh8+ Kg6 32. Ne5+ Kg5
33. Nxc4 Rf3+ 34. Kg2 Rxc3 35. Ne3 Bd7 36. Rg8 Bc6+ 37. Kg1 Kg6 38. Rb1 Rc5 39.
Rxb6 Rg5+ 40. Kf1 Kf7 41. Rh8 Bb5+ 42. Ke1 Rg1+ 43. Kd2 Bc6 44. Nc4 Ke7 45. Na5
Kd7 46. Rb2 Rg5 47. Nb3 Rd5+ 48. Kc1 Re5 49. Rd2+ Kc7 50. Rh7 Re1+ 51. Kb2 Rb1+
52. Kxb1 Be4+ 53. Rc2+ Kd6 54. Rxg7 Bxc2+ 55. Kxc2 Kc6 56. Rg6+ Kc7 57. Rxh6
Kb8 58. f4 Kc8 59. Re6 Kd7 60. Re1 Kc7 61. f5 Kb8 62. f6 Ka7 63. f7 Ka8 64.
f8=Q+ Ka7 65. Qc5+ b6 66. Qc6 b5 67. Ra1+ Kb8 68. Ra8# 1-0

[Event "DEM U12w 2016"]
[Site "Willingen GER"]
[Date "2016.05.16"]
[Round "4"]
[White "Pavlov, Liliane"]
[Black "Gehrke, Gina Celina"]
[Result "1-0"]
[Termination "normal"]
[Board "10"]
[WhiteElo "1445"]
[BlackElo "1519"]
[PlyCount "79"]
[WhiteFideId "16225449"]
[BlackFideId "16205979"]
[EventCountry "GER"]
[EventRounds "11"]
[EventType "swiss"]
[EventDate "2016.05.14"]

1. e4 c5 2. Nf3 Nf6 3. e5 Nd5 4. Nc3 e6 5. Nxd5 exd5 6. d4 d6 7. Bb5+ Bd7 8.
Bxd7+ Qxd7 9. O-O Nc6 10. Re1 O-O-O 11. Bf4 Re8 12. c3 Qc7 13. Re2 Qd7 14. Qd2
dxe5 15. Nxe5 Nxe5 16. Bxe5 f6 17. Bg3 Bd6 18. Bxd6 Qxd6 19. Rae1 Kd8 20. Rxe8+
Rxe8 21. Rxe8+ Kxe8 22. Qe3+ Qe7 23. Qxe7+ Kxe7 24. dxc5 Kd7 25. Kf1 Kc6 26. b4
b6 27. cxb6 axb6 28. a4 d4 29. cxd4 Kd5 30. a5 bxa5 31. bxa5 Kc6 32. d5+ Kxd5
33. Ke2 Kc5 34. Ke3 Kb5 35. Kd4 Kxa5 36. Kd5 Kb4 37. Ke6 Kc4 38. Kf7 Kd4 39.
Kxg7 f5 40. Kxh7 1-0

[Event "DEM U12w 2016"]
[Site "Willingen GER"]
[Date "2016.05.16"]
[Round "4"]
[White "Kieckbusch, Lotta"]
[Black "Delgado, Celina"]
[Result "0-1"]
[Termination "normal"]
[Board "11"]
[WhiteElo "993"]
[BlackElo "1405"]
[PlyCount "54"]
[WhiteFideId "16214390"]
[BlackFideId "12993735"]
[EventCountry "GER"]
[EventRounds "11"]
[EventType "swiss"]
[EventDate "2016.05.14"]

1. e4 e5 2. Nf3 Nc6 3. Bc4 Bc5 4. c3 Nf6 5. d4 exd4 6. cxd4 Bb4+ 7. Nc3 Nxe4 8.
O-O Nxc3 9. bxc3 Ba5 10. Ba3 d6 11. Re1+ Ne7 12. Qa4+ c6 13. Qc2 O-O 14. Ng5
Bf5 15. Bd3 Bxd3 16. Qxd3 Ng6 17. Qh3 Qxg5 18. Bxd6 Rfe8 19. Red1 Rad8 20. Ba3
Nf4 21. Qf3 Bxc3 22. Bc1 Ne2+ 23. Kf1 Nxc1 24. Raxc1 Bxd4 25. Rb1 Bb6 26. Rd3
Rxd3 27. Qxd3 Qh4 0-1

[Event "DEM U12w 2016"]
[Site "Willingen GER"]
[Date "2016.05.16"]
[Round "4"]
[White "Orlova, Alicia"]
[Black "Bohrer, Katharina"]
[Result "1-0"]
[Termination "normal"]
[Board "12"]
[WhiteElo "1285"]
[BlackElo "1406"]
[PlyCount "119"]
[WhiteFideId "34154563"]
[BlackFideId "16225457"]
[EventCountry "GER"]
[EventRounds "11"]
[EventType "swiss"]
[EventDate "2016.05.14"]

1. e4 d6 2. d4 Nf6 3. Nc3 g6 4. Bg5 Bg7 5. e5 dxe5 6. dxe5 Nfd7 7. f4 O-O 8.
Nf3 Nc6 9. Be2 b6 10. O-O Bb7 11. a3 a5 12. Bd3 Nc5 13. Ne4 Nxd3 14. cxd3 Ba6
15. Nf2 Qd7 16. Re1 e6 17. d4 Ne7 18. Ng4 Nf5 19. Qd2 Bb7 20. Rad1 h6 21. Bf6
Rac8 22. Bxg7 Kxg7 23. Nf6 Qc6 24. d5 Qc5+ 25. Kh1 Qe7 26. dxe6 Qxe6 27. Nd4
Nxd4 28. Qxd4 Qc4 29. Qe4 Qxe4 30. Nxe4 Bxe4 31. Rxe4 Rfe8 32. g3 h5 33. Rd7 c5
34. e6 Rf8 35. Re5 Kf6 36. Rd6 fxe6 37. Rexe6+ Kf5 38. Rxb6 Rcd8 39. h3 Rd1+
40. Kg2 Rd2+ 41. Kf3 Rd3+ 42. Kf2 Rd5 43. Rxg6 Ke4 44. Ke2 Re8 45. Rge6+ Rxe6
46. Rxe6+ Kf5 47. Ra6 c4 48. Rh6 Ke4 49. Rg6 Rc5 50. Rg5 Rxg5 51. fxg5 Kf5 52.
h4 a4 53. Kd2 Ke6 54. Kc3 Kd5 55. Kb4 Kd6 56. Kxa4 Ke6 57. Kb4 Kd5 58. a4 Kd6
59. a5 Kd5 60. a6 1-0

[Event "DEM U12w 2016"]
[Site "Willingen GER"]
[Date "2016.05.16"]
[Round "4"]
[White "Dietz, Kristin"]
[Black "Fuchs, Emily"]
[Result "1-0"]
[Termination "normal"]
[Board "13"]
[WhiteElo "1432"]
[BlackElo "1027"]
[PlyCount "67"]
[WhiteFideId "12993743"]
[BlackFideId "16208986"]
[EventCountry "GER"]
[EventRounds "11"]
[EventType "swiss"]
[EventDate "2016.05.14"]

1. e4 e5 2. Nf3 Nc6 3. d4 exd4 4. Nxd4 Bc5 5. Nb3 Qe7 6. Nc3 Nf6 7. Nxc5 Qxc5
8. Be3 Qe5 9. f4 Qe6 10. Qf3 O-O 11. O-O-O Re8 12. e5 Ng4 13. Nd5 Ngxe5 14.
fxe5 Nxe5 15. Qg3 Qc6 16. Bf4 d6 17. Nf6+ Kh8 18. Nxe8 Qxe8 19. Bxe5 dxe5 20.
Bd3 e4 21. Rde1 f5 22. Qxc7 Be6 23. Qxb7 a5 24. Bb5 Rb8 25. Bxe8 Rxb7 26. Rd1
Rb8 27. Bd7 Bxa2 28. b3 Bxb3 29. cxb3 Rxb3 30. Bxf5 g6 31. Bxe4 Rb4 32. Rhe1 a4
33. Rd7 a3 34. Bb7 1-0

[Event "DEM U12w 2016"]
[Site "Willingen GER"]
[Date "2016.05.16"]
[Round "4"]
[White "Krömer, Paulina"]
[Black "Zell, Hannah"]
[Result "1-0"]
[Termination "normal"]
[Board "14"]
[WhiteElo "1643"]
[BlackElo "1371"]
[PlyCount "115"]
[WhiteFideId "16212363"]
[BlackFideId "16208900"]
[EventCountry "GER"]
[EventRounds "11"]
[EventType "swiss"]
[EventDate "2016.05.14"]

1. Nf3 d5 2. d4 Bf5 3. e3 Nf6 4. c4 e6 5. Qb3 b6 6. Nc3 c6 7. Bd2 Be7 8. Be2
O-O 9. O-O Nbd7 10. Ne5 Nxe5 11. dxe5 Ne4 12. Nxe4 Bxe4 13. Bc3 dxc4 14. Qxc4
Bd5 15. Qg4 c5 16. Rfd1 Qc8 17. Qg3 f6 18. exf6 Bxf6 19. Bxf6 Rxf6 20. Bg4 Rg6
21. Rxd5 exd5 22. Bxc8 Rxg3 23. Be6+ Kf8 24. hxg3 Rd8 25. Rd1 d4 26. exd4 Rxd4
27. Rxd4 cxd4 28. Kf1 Ke7 29. Bc4 Kd6 30. Ke2 h6 31. b3 Ke5 32. Kd3 g5 33. f4+
gxf4 34. gxf4+ Kxf4 35. Kxd4 h5 36. Kd5 Kg3 37. Kc6 Kxg2 38. Bd5+ Kf2 39. Kb7
Ke2 40. Kxa7 b5 41. Ka6 Kd3 42. Kxb5 Kd4 43. Bh1 Ke5 44. Kc6 h4 45. a4 h3 46.
a5 Kd4 47. a6 Kc3 48. a7 Kxb3 49. a8=Q Kc4 50. Qh8 Kb4 51. Qxh3 Kc4 52. Qg4+
Kd3 53. Qe4+ Kc3 54. Kc5 Kd2 55. Kc4 Kc1 56. Kc3 Kd1 57. Bf3+ Kc1 58. Qc2# 1-0

[Event "DEM U12w 2016"]
[Site "Willingen GER"]
[Date "2016.05.16"]
[Round "4"]
[White "Reuter, Elisa"]
[Black "Stowicek, Yara Mathilda"]
[Result "1-0"]
[Termination "normal"]
[Board "15"]
[WhiteElo "1591"]
[BlackElo "1394"]
[PlyCount "119"]
[WhiteFideId "12995444"]
[BlackFideId "16203569"]
[EventCountry "GER"]
[EventRounds "11"]
[EventType "swiss"]
[EventDate "2016.05.14"]

1. e4 e5 2. Nf3 Nc6 3. d4 exd4 4. Nxd4 Nf6 5. Nxc6 bxc6 6. e5 Qe7 7. Qe2 Nd5 8.
c4 Ba6 9. b3 g6 10. f4 Bg7 11. Qf2 Nb6 12. Ba3 d6 13. Nd2 O-O 14. O-O-O Rfd8
15. Bd3 Qd7 16. exd6 cxd6 17. Ne4 c5 18. Bb2 f5 19. Nf6+ Bxf6 20. Bxf6 Rf8 21.
Ba1 Kf7 22. Qb2 Ke8 23. Rhe1+ Kd8 24. Qa3 Bb7 25. Rd2 a6 26. Red1 Kc7 27. Bc2
Nc8 28. Qa5+ Kb8 29. Be5 Re8 30. Bxd6+ Nxd6 31. Rxd6 Qe7 32. Qxc5 Rc8 33. Qe5
Qxe5 34. fxe5 Re8 35. Rd8+ Ka7 36. Rxa8+ Bxa8 37. Rd7+ Kb8 38. Rxh7 Bxg2 39.
Rh6 Rxe5 40. Rxg6 Bb7 41. Rf6 Bc8 42. Kd2 Kc7 43. Kd3 Kd8 44. Kd4 Re2 45. Rf8+
Kc7 46. Bxf5 Bxf5 47. Rxf5 Rxh2 48. Ra5 Kb6 49. b4 Rd2+ 50. Kc3 Rd8 51. c5+ Kb7
52. a4 Ra8 53. b5 axb5 54. Rxa8 Kxa8 55. axb5 Kb7 56. Kb4 Kc7 57. Ka5 Kb7 58.
b6 Kc8 59. Ka6 Kb8 60. b7 1-0

[Event "DEM U12w 2016"]
[Site "Willingen GER"]
[Date "2016.05.16"]
[Round "4"]
[White "Liu, Sijia Anna"]
[Black "Hapke, Lara"]
[Result "1-0"]
[Termination "normal"]
[Board "16"]
[WhiteElo "1357"]
[BlackElo "971"]
[PlyCount "65"]
[WhiteFideId "12989746"]
[BlackFideId "12996572"]
[EventCountry "GER"]
[EventRounds "11"]
[EventType "swiss"]
[EventDate "2016.05.14"]

1. e4 e5 2. Nf3 Nc6 3. Bc4 Bc5 4. b4 Bb6 5. c3 Nf6 6. d4 d6 7. Ng5 O-O 8. Qb3
Qe7 9. O-O a5 10. a3 axb4 11. cxb4 Nxd4 12. Qd3 Be6 13. Ba2 Bxa2 14. Rxa2 h6
15. Nf3 d5 16. Nc3 dxe4 17. Nxe4 Nxe4 18. Qxe4 Rfe8 19. Re1 Nxf3+ 20. Qxf3 Qe6
21. Rae2 f6 22. Qg3 Kh8 23. Re4 Qf5 24. Rh4 Qh7 25. Ree4 Rad8 26. Re1 Re7 27.
Qh3 Red7 28. Bxh6 Rd1 29. Bxg7+ Kg8 30. Qb3+ Kxg7 31. Rxh7+ Kxh7 32. Rxd1 Rxd1+
33. Qxd1 1-0

[Event "DEM U12w 2016"]
[Site "Willingen GER"]
[Date "2016.05.16"]
[Round "4"]
[White "Visvikis, Kassandra"]
[Black "Schwegler, Jelena"]
[Result "1-0"]
[Termination "normal"]
[Board "17"]
[WhiteElo "1342"]
[BlackElo "912"]
[PlyCount "123"]
[WhiteFideId "36052167"]
[BlackFideId "16225481"]
[EventCountry "GER"]
[EventRounds "11"]
[EventType "swiss"]
[EventDate "2016.05.14"]

1. e4 e5 2. Nf3 Nc6 3. Bc4 Bc5 4. d3 d6 5. h3 h6 6. Nc3 Nf6 7. Be3 Nd4 8. Na4
Nxf3+ 9. Qxf3 Bb6 10. Nc3 Be6 11. Bb3 Qe7 12. O-O Ba5 13. Ne2 a6 14. Ng3 O-O-O
15. c3 g5 16. Bxe6+ fxe6 17. Qe2 Qf7 18. Rfe1 Rdg8 19. f3 Qh7 20. Kf2 h5 21.
Rg1 g4 22. h4 d5 23. b4 Bb6 24. Bxb6 cxb6 25. Ke1 Rf8 26. Kd2 Qh6+ 27. Qe3
Qxe3+ 28. Kxe3 Rd8 29. Ne2 Rhf8 30. f4 exf4+ 31. Nxf4 e5 32. Ne6 d4+ 33. cxd4
exd4+ 34. Ke2 g3 35. Nxf8 Rxf8 36. Rgf1 Kd7 37. e5 Kd8 38. Rxf6 Rxf6 39. exf6
Ke8 40. Rf1 Kf7 41. Rf4 a5 42. bxa5 bxa5 43. Rxd4 Kxf6 44. Rd7 b6 45. Rd6+ Ke5
46. Rxb6 Kd4 47. Rc6 a4 48. Rc4+ Kd5 49. Rxa4 Kc5 50. Ke3 Kd5 51. Rc4 Ke6 52.
a4 Kd6 53. a5 Ke5 54. a6 Kd5 55. a7 Kd6 56. a8=Q Ke6 57. Qe4+ Kd6 58. Rd4+ Kc5
59. Qe5+ Kc6 60. Rd6+ Kc7 61. Qe7+ Kc8 62. Rd8# 1-0

[Event "DEM U12w 2016"]
[Site "Willingen GER"]
[Date "2016.05.16"]
[Round "4"]
[White "Wucherer, Sophie"]
[Black "Kiesel, Lara"]
[Result "1/2-1/2"]
[Termination "normal"]
[Board "18"]
[WhiteElo "1171"]
[BlackElo "1318"]
[PlyCount "120"]
[WhiteFideId "16225473"]
[BlackFideId "12973785"]
[EventCountry "GER"]
[EventRounds "11"]
[EventType "swiss"]
[EventDate "2016.05.14"]

1. d4 Nf6 2. Nf3 e6 3. Bf4 d5 4. c3 Bd6 5. Bg3 O-O 6. e3 c5 7. dxc5 Bxc5 8. Bd3
Nc6 9. Nbd2 b6 10. Qc2 Bb7 11. Bh4 h6 12. O-O Be7 13. Rfe1 Nh5 14. Bxe7 Qxe7
15. e4 Nf6 16. exd5 Nxd5 17. Bc4 Qd7 18. Rad1 Na5 19. Ne5 Qc7 20. Bb3 Nxb3 21.
Qxb3 Rfd8 22. Ndf3 Nf4 23. Qa4 Nd5 24. Rd2 Rd6 25. Red1 Rad8 26. Nc4 Bc6 27.
Qa3 R6d7 28. Nce5 Rd6 29. Nxc6 Qxc6 30. Ne5 Qc7 31. c4 f6 32. cxd5 fxe5 33. Qb3
Qb7 34. Rd3 Qc7 35. g3 exd5 36. Rxd5 Kh8 37. Rxd6 Rxd6 38. Rxd6 Qxd6 39. Qa4 a5
40. Qe8+ Kh7 41. b3 Qd4 42. Qb5 Qd8 43. Qxe5 Qd1+ 44. Kg2 Qd2 45. Qe4+ g6 46.
Qb7+ Kg8 47. Qxb6 Qd5+ 48. Kh3 Qf5+ 49. Kg2 Qd5+ 50. f3 Qd2+ 51. Kh3 Qd3 52.
Qxa5 Qf1+ 53. Kh4 Qxf3 54. Qd8+ Kg7 55. Qe7+ Kg8 56. Qe6+ Kg7 57. Qe5+ Kg8 58.
Qe6+ Kg7 59. Qg4 Qf6+ 60. Kh3 Qf1+ 1/2-1/2

[Event "DEM U12w 2016"]
[Site "Willingen GER"]
[Date "2016.05.16"]
[Round "4"]
[White "Kriuckova, Sonia"]
[Black "Rudolph, Eva"]
[Result "0-1"]
[Termination "normal"]
[Board "19"]
[WhiteElo "1231"]
[BlackElo "1558"]
[PlyCount "56"]
[WhiteFideId "16204310"]
[BlackFideId "16200594"]
[EventCountry "GER"]
[EventRounds "11"]
[EventType "swiss"]
[EventDate "2016.05.14"]

1. e4 e5 2. Nf3 Nf6 3. Nxe5 d6 4. Nf3 Nxe4 5. d4 d5 6. Bd3 Bg4 7. Qe2 f5 8. O-O
Be7 9. Qd1 O-O 10. Be2 Nc6 11. Nfd2 Bxe2 12. Qxe2 Nxd4 13. Qd3 Bc5 14. Nc3 c6
15. Ncxe4 fxe4 16. Qh3 Nxc2 17. Qc3 Bxf2+ 18. Rxf2 Rxf2 19. Kxf2 Qh4+ 20. Kg1
Qe1+ 21. Nf1 Qxc3 22. bxc3 Nxa1 23. Bf4 Nc2 24. Kf2 Rf8 25. g3 g5 26. Ke2 gxf4
27. gxf4 Rxf4 28. Nd2 Rh4 0-1

[Event "DEM U12w 2016"]
[Site "Willingen GER"]
[Date "2016.05.16"]
[Round "4"]
[White "Schmidt, Pauline"]
[Black "Wittich, Carlotta"]
[Result "0-1"]
[Termination "normal"]
[Board "20"]
[WhiteElo "1142"]
[BlackElo "952"]
[PlyCount "68"]
[WhiteFideId "16209850"]
[BlackFideId "16217411"]
[EventCountry "GER"]
[EventRounds "11"]
[EventType "swiss"]
[EventDate "2016.05.14"]

1. e4 e5 2. Nf3 Nc6 3. d4 exd4 4. Bc4 Nf6 5. O-O Nxe4 6. Re1 d5 7. Bxd5 Qxd5 8.
Nc3 Qh5 9. Nxe4 Be6 10. Neg5 O-O-O 11. Nxe6 fxe6 12. Rxe6 Bd6 13. Bg5 Rde8 14.
Qe1 h6 15. Bh4 g5 16. Bg3 g4 17. Nd2 Qf7 18. Rxe8+ Rxe8 19. Ne4 Re6 20. Nxd6+
cxd6 21. Qd1 h5 22. a3 Qf6 23. b4 a6 24. f3 h4 25. Bf2 Qe5 26. Bxh4 gxf3 27.
Qxf3 d3 28. Qd1 dxc2 29. Qc1 Qc3 30. Bf2 d5 31. Ra2 Re2 32. Kf1 Rd2 33. Rxc2
Rxc2 34. Qf4 Qd3+ 0-1